[Event "Open "A""]
[Site "Schwarzach"]
[Date "1998.08.24"]
[Round "3.10"]
[White "Polak, Thomas"]
[Black "Kjeld, Matthias"]
[Result "1-0"]
[WhiteElo "2525"]
[BlackElo "2110"]
[PlyCount "77"]
[EventDate "1998.08.30"]

1. d4 Nf6 2. c4 e6 3. Nf3 d5 4. Nc3 Be7 5. Bg5 Nbd7 6. cxd5 exd5 7. e3 O-O 8.
Bd3 Re8 9. O-O c6 10. Qc2 Nf8 11. h3 Be6 12. Rab1 Ne4 13. Bf4 f5 14. Ne5 Nd7
15. f3 Nxe5 16. Bxe5 Nxc3 17. bxc3 Qd7 18. e4 g6 19. exf5 Bxf5 20. Bxf5 gxf5
21. f4 b5 22. Rf3 Kf7 23. g4 Rg8 24. Kh2 Qe6 25. Re1 Bh4 26. Re2 Qg6 27. g5 h5
28. Bf6 Rge8 29. Re5 Rxe5 30. dxe5 Ke6 31. Qb2 Qg8 32. Re3 Qf8 33. Qe2 Qc5 34.
g6 Bxf6 35. exf6+ Kxf6 36. Re6+ Kg7 37. Re7+ Kh6 38. Rh7+ Kxg6 39. Qxh5+ 1-0

[Event "Open "A""]
[Site "Schwarzach"]
[Date "1998.08.24"]
[Round "3.11"]
[White "Altukhov, Sergei"]
[Black "Hengl, Christian"]
[Result "1-0"]
[WhiteElo "2305"]
[BlackElo "2180"]
[PlyCount "87"]
[EventDate "1998.08.30"]

1. d4 f5 2. g3 e6 3. Bg2 d5 4. c4 c6 5. Nf3 Nf6 6. O-O Bd6 7. b3 Qe7 8. Bb2 O-O
9. Nbd2 Bd7 10. Ne5 Be8 11. Ndf3 Bh5 12. Nd3 Nbd7 13. Nfe5 g5 14. Qd2 Qg7 15.
f3 Kh8 16. Nxd7 Nxd7 17. e4 f4 18. e5 Be7 19. cxd5 cxd5 20. Rac1 fxg3 21. hxg3
Rfc8 22. Rc3 Rxc3 23. Bxc3 Rf8 24. Bb4 Nb8 25. Bc5 Nc6 26. b4 b6 27. Bxe7 Qxe7
28. Qc3 Bg6 29. a3 Rc8 30. Rc1 Qd7 31. Nf2 Bf5 32. Qe3 h6 33. g4 Bg6 34. f4
gxf4 35. Qxf4 Kh7 36. Rc3 Qf7 37. Qd2 Ne7 38. Rf3 Qe8 39. Nd3 Qa4 40. Bf1 Rc2
41. Qf4 Ra2 42. Qf6 Ng8 43. Qxe6 Rxa3 44. Rf8 1-0

[Event "Open "A""]
[Site "Schwarzach"]
[Date "1998.08.24"]
[Round "3.15"]
[White "Brumen, Dinko"]
[Black "Donegani, Peter"]
[Result "1-0"]
[WhiteElo "2355"]
[BlackElo "2115"]
[PlyCount "73"]
[EventDate "1998.08.30"]

1. e4 c5 2. Nf3 d6 3. Bb5+ Nd7 4. d4 Ngf6 5. Nc3 cxd4 6. Qxd4 e5 7. Qd3 h6 8.
O-O Be7 9. Nd2 O-O 10. Bxd7 Bxd7 11. Nc4 Be6 12. Rd1 Qc7 13. Ne3 a6 14. Ncd5
Nxd5 15. exd5 Bd7 16. Nf5 Bxf5 17. Qxf5 Rac8 18. c3 Qc4 19. Rd3 g6 20. Qh3 h5
21. b3 Qe4 22. Bd2 f5 23. f4 Bh4 24. fxe5 dxe5 25. d6 Rfd8 26. c4 Rd7 27. Bc3
Bf6 28. Re1 Qc6 29. Qg3 Kf7 30. Bxe5 Qc5+ 31. Kf1 h4 32. Qf4 Bxe5 33. Rxe5 Qc6
34. Qxh4 Kg7 35. Re7+ Rxe7 36. Qxe7+ Kg8 37. d7 1-0

[Event "Open "A""]
[Site "Schwarzach"]
[Date "1998.08.24"]
[Round "3.16"]
[White "Jelen, Igor"]
[Black "Ebner, Johann"]
[Result "1-0"]
[WhiteElo "2345"]
[BlackElo "2105"]
[PlyCount "63"]
[EventDate "1998.08.30"]

1. d4 Nf6 2. c4 d6 3. Nf3 g6 4. Nc3 Bg7 5. e4 O-O 6. Be2 Nbd7 7. O-O e5 8. Be3
Re8 9. Qc2 Ng4 10. Bg5 f6 11. Bh4 h5 12. h3 Nh6 13. dxe5 dxe5 14. Rad1 c6 15.
c5 Qa5 16. Na4 b5 17. cxb6 axb6 18. Bc4+ Kh8 19. Bb3 c5 20. Nc3 b5 21. Bd5 Ra7
22. Bc6 Re6 23. Bxb5 Nb6 24. Nd2 Rc7 25. Nc4 Nxc4 26. Bxc4 g5 27. Rd8+ Kh7 28.
Rxc8 Rxc8 29. Bxe6 Re8 30. Bb3 gxh4 31. Qe2 Kg6 32. Bd1 1-0

[Event "Open "A""]
[Site "Schwarzach"]
[Date "1998.08.25"]
[Round "4.1"]
[White "Zoler, Dan"]
[Black "Hecht, Hans-Joachim"]
[Result "1/2-1/2"]
[WhiteElo "2500"]
[BlackElo "2405"]
[PlyCount "46"]
[EventDate "1998.08.30"]

1. Nf3 Nf6 2. c4 e6 3. Nc3 Bb4 4. Qc2 O-O 5. a3 Bxc3 6. Qxc3 d6 7. g3 e5 8. Bg2
a5 9. b3 Nc6 10. O-O Ne4 11. Qc2 Nc5 12. Bb2 Bg4 13. Rfe1 Re8 14. Rad1 Qf6 15.
h3 Bxf3 16. Bxf3 Nd4 17. Bxd4 exd4 18. d3 c6 19. b4 axb4 20. axb4 Nd7 21. Ra1
Ne5 22. Kg2 Rxa1 23. Rxa1 Nxf3 1/2-1/2

[Event "Open "A""]
[Site "Schwarzach"]
[Date "1998.08.25"]
[Round "4.2"]
[White "Balinov, Ilia"]
[Black "Loeffler, Markus"]
[Result "1-0"]
[WhiteElo "2450"]
[BlackElo "2365"]
[PlyCount "88"]
[EventDate "1998.08.30"]

1. e4 c5 2. c3 d5 3. exd5 Qxd5 4. d4 Nf6 5. Nf3 Bg4 6. Be2 e6 7. O-O Nc6 8. h3
Bh5 9. Be3 cxd4 10. cxd4 Be7 11. Nc3 Qd6 12. Qb3 O-O 13. Rfd1 Rfd8 14. a3 Rab8
15. Rac1 Nd5 16. Ne4 Qc7 17. Ng3 Bg6 18. Ne5 Bd6 19. Nxg6 Bxg3 20. Bg5 Bh2+ 21.
Kh1 f6 22. Bg4 Qd6 23. Ne5 Nxd4 24. Rxd4 Bxe5 25. Re4 h5 26. f4 hxg4 27. fxe5
Qe7 28. exf6 gxf6 29. Rxg4 fxg5 30. Qg3 Kf8 31. Rxg5 Nf6 32. Rf1 Qf7 33. Rg6
Ke7 34. Rg7 Rbc8 35. Qg6 Rf8 36. Qxf6+ Kd6 37. Rxf7 Rxf7 38. Qxf7 Rc5 39. Rd1+
Kc6 40. Qf3+ Kb6 41. Qf2 a5 42. Re1 Kc6 43. Re2 Kb6 44. Rxe6+ Kb5 1-0

[Event "Open "A""]
[Site "Schwarzach"]
[Date "1998.08.25"]
[Round "4.3"]
[White "Neckar, Lubomir"]
[Black "Epishin, Vladimir"]
[Result "1/2-1/2"]
[WhiteElo "2345"]
[BlackElo "2585"]
[PlyCount "87"]
[EventDate "1998.08.30"]

1. Nf3 Nf6 2. c4 e6 3. g3 a6 4. Bg2 b5 5. Ne5 c6 6. b3 d5 7. O-O Nbd7 8. d4
Nxe5 9. dxe5 Nd7 10. cxd5 cxd5 11. e4 d4 12. Qxd4 Bc5 13. Qc3 Bb7 14. Be3 Qb6
15. Bxc5 Qxc5 16. Qxc5 Nxc5 17. Rc1 Rc8 18. Nd2 Ke7 19. f4 Nd3 20. Rxc8 Rxc8
21. Bf1 Rd8 22. Nf3 Bxe4 23. Ng5 Bf5 24. Rd1 h6 25. Bxd3 hxg5 26. Be2 Rxd1+ 27.
Bxd1 gxf4 28. gxf4 b4 29. Kf2 Bb1 30. Ke3 Bxa2 31. Bc2 a5 32. Kd4 a4 33. Kc4
Kf8 34. Kxb4 axb3 35. Bxb3 Bxb3 36. Kxb3 Kg8 37. Kc4 Kh7 38. Kc5 Kg6 39. Kd6
Kf5 40. Ke7 f6 41. Kd6 Kxf4 42. exf6 gxf6 43. Kxe6 f5 44. h4 1/2-1/2

[Event "Open "A""]
[Site "Schwarzach"]
[Date "1998.08.25"]
[Round "4.4"]
[White "Beim, Valeri"]
[Black "Hresc, Vladimir"]
[Result "1-0"]
[WhiteElo "2565"]
[BlackElo "2425"]
[PlyCount "63"]
[EventDate "1998.08.30"]

1. c4 e5 2. Nc3 Nf6 3. Nf3 Nc6 4. a3 d5 5. cxd5 Nxd5 6. Qc2 Be6 7. e3 a6 8. Be2
Be7 9. O-O O-O 10. Na4 f5 11. d3 Kh8 12. b4 Bd6 13. Nc5 Bc8 14. Bb2 Qe7 15.
Rac1 Nd8 16. Qc4 c6 17. g3 Nf7 18. e4 fxe4 19. Nxe4 Bc7 20. Rfe1 Bf5 21. Bf1
Rae8 22. Bg2 Qd8 23. Nc5 Bc8 24. Rc2 Re7 25. Rce2 Rfe8 26. Qh4 a5 27. Nxe5 Nxe5
28. Bxe5 axb4 29. Be4 Nf6 30. Bxf6 gxf6 31. Bg6 Bg4 32. Qxf6+ 1-0

[Event "Open "A""]
[Site "Schwarzach"]
[Date "1998.08.25"]
[Round "4.7"]
[White "Staller, Peter"]
[Black "Piven, Igor"]
[Result "1/2-1/2"]
[WhiteElo "2300"]
[BlackElo "2380"]
[PlyCount "41"]
[EventDate "1998.08.30"]

1. Nf3 g6 2. d4 Bg7 3. c3 d5 4. g3 Nf6 5. Bg2 O-O 6. O-O b6 7. Nbd2 Bb7 8. a4
c5 9. Ne5 Nbd7 10. Ndf3 Nxe5 11. Nxe5 Nd7 12. Nxd7 Qxd7 13. Be3 Rfc8 14. Qd2 e6
15. a5 Qb5 16. Rfb1 Bf8 17. axb6 axb6 18. Bf1 Rxa1 19. Rxa1 Ra8 20. Rxa8 Bxa8
21. Bh6 1/2-1/2

[Event "Open "A""]
[Site "Schwarzach"]
[Date "1998.08.25"]
[Round "4.8"]
[White "Burmakin, Vladimir"]
[Black "Altukhov, Sergei"]
[Result "1/2-1/2"]
[WhiteElo "2560"]
[BlackElo "2305"]
[PlyCount "83"]
[EventDate "1998.08.30"]

1. d4 d5 2. c4 e6 3. Nf3 Nf6 4. g3 Bb4+ 5. Bd2 Be7 6. Bg2 O-O 7. O-O c6 8. Qc2
b6 9. Ne5 Bb7 10. Nc3 Nbd7 11. e4 c5 12. Nxd7 Qxd7 13. e5 Ne4 14. Nxe4 dxe4 15.
dxc5 Bxc5 16. Rad1 Qc6 17. Rde1 Rad8 18. Bxe4 Qd7 19. Bg5 Bxe4 20. Qxe4 Be7 21.
Bxe7 Qxe7 22. Rd1 Qb4 23. Qe2 Rc8 24. b3 Rfd8 25. Rd3 Rxd3 26. Qxd3 Qa5 27. Rd1
g6 28. Qe2 Rc5 29. Qb2 Kg7 30. b4 Qa4 31. Rd4 Rxc4 32. Rxc4 Qd1+ 33. Kg2 Qd5+
34. f3 Qxc4 35. h4 h5 36. Qd2 a5 37. bxa5 bxa5 38. f4 a4 39. a3 Qb3 40. Qc1
Qa2+ 41. Kf3 Qd5+ 42. Kf2 1/2-1/2

[Event "Open "A""]
[Site "Schwarzach"]
[Date "1998.08.25"]
[Round "4.9"]
[White "Bernasek, Jan"]
[Black "Stanec, Nikolaus"]
[Result "0-1"]
[WhiteElo "2170"]
[BlackElo "2495"]
[PlyCount "50"]
[EventDate "1998.08.30"]

1. e4 c5 2. Nf3 Nc6 3. d4 cxd4 4. Nxd4 Nf6 5. Nc3 d6 6. Bc4 e6 7. Be3 Be7 8.
Qe2 O-O 9. Bb3 a6 10. O-O-O Qe8 11. f4 b5 12. Nxc6 Qxc6 13. e5 dxe5 14. fxe5
Nd7 15. Bd4 Bb7 16. Rhg1 Nc5 17. g4 b4 18. Nb1 Nxb3+ 19. axb3 a5 20. Qc4 Qe4
21. Nd2 Qg6 22. Qe2 a4 23. bxa4 Rxa4 24. Nc4 Bg5+ 25. Kb1 b3 0-1

[Event "Open "A""]
[Site "Schwarzach"]
[Date "1998.08.25"]
[Round "4.10"]
[White "Navratil, Robert"]
[Black "Brumen, Dinko"]
[Result "0-1"]
[WhiteElo "2160"]
[BlackElo "2355"]
[PlyCount "64"]
[EventDate "1998.08.30"]

1. Nf3 Nf6 2. g3 d5 3. Bg2 e6 4. O-O Be7 5. d3 O-O 6. Nbd2 b6 7. e4 dxe4 8. Ng5
Bb7 9. Ngxe4 Nxe4 10. dxe4 Nd7 11. Re1 Qc8 12. h4 Rd8 13. Bh3 c5 14. Kh2 c4 15.
Qe2 Ba6 16. Bf1 Ne5 17. c3 Qc7 18. Nf3 Nd3 19. Rd1 Bc5 20. Nd4 e5 21. Nf5 Nxf2
22. Rxd8+ Rxd8 23. Be3 Bxe3 24. Nxe3 Nxe4 25. Rd1 Rxd1 26. Qxd1 g6 27. Qd5 Nf6
28. Qa8+ Kg7 29. Nd5 Ng4+ 30. Kh3 Qd7 31. Nxb6 axb6 32. Qxa6 Ne3+ 0-1

[Event "Open "A""]
[Site "Schwarzach"]
[Date "1998.08.25"]
[Round "4.11"]
[White "Brandstaetter, Friedrich"]
[Black "Quinn, Mark"]
[Result "0-1"]
[WhiteElo "2135"]
[BlackElo "2350"]
[PlyCount "140"]
[EventDate "1998.08.30"]

1. e4 c5 2. Nf3 d6 3. d4 Nf6 4. Nc3 cxd4 5. Nxd4 a6 6. g3 e5 7. Nde2 Be6 8. Bg2
Nbd7 9. O-O b5 10. a4 b4 11. Nd5 Bxd5 12. exd5 Qc7 13. c3 bxc3 14. Nxc3 Be7 15.
Bd2 O-O 16. b4 Qc4 17. Rb1 Rfc8 18. Qb3 Rab8 19. Rfc1 Qxb3 20. Rxb3 Nb6 21. Be1
Nc4 22. Rcb1 Bd8 23. Bh3 Rc7 24. b5 a5 25. Rd1 Rc5 26. Rbb1 Nb6 27. Bg2 g6 28.
Ra1 Rc4 29. Bf1 Rc5 30. Bg2 Rbc8 31. Ne4 Nxe4 32. Bxe4 f5 33. Bg2 Nd7 34. Bd2
Bb6 35. Rdc1 Rc2 36. Kf1 e4 37. g4 Kf7 38. gxf5 gxf5 39. Bh3 Kf6 40. Ke2 Rxc1
41. Rxc1 Rxc1 42. Bxc1 Nc5 43. Bb2+ Kg6 44. Ba3 Nxa4 45. Bxd6 Nc3+ 46. Ke1 Nxb5
47. Be7 Nd4 48. Bf1 Kf7 49. Bd6 Nf3+ 50. Ke2 Bd4 51. h3 Bc3 52. Kd1 Bb4 53. Bc7
Ke7 54. Bb5 Ng5 55. h4 Nh3 56. Ke2 Bc5 57. Ba4 Ng1+ 58. Kf1 Nf3 59. h5 Bb4 60.
Ke2 Ng5 61. Kf1 h6 62. Bc6 Nf7 63. Bf4 Bd6 64. Bd2 Bc7 65. Ke2 Ng5 66. Ba4 f4
67. d6+ Bxd6 68. Bxa5 f3+ 69. Kf1 Kf6 70. Bc6 Kf5 0-1

[Event "Open "A""]
[Site "Schwarzach"]
[Date "1998.08.25"]
[Round "4.14"]
[White "Stockmann, Rainer"]
[Black "Fruehauf, Norbert"]
[Result "1/2-1/2"]
[WhiteElo "2240"]
[BlackElo "2150"]
[PlyCount "33"]
[EventDate "1998.08.30"]

1. Nc3 e5 2. Nf3 Nc6 3. d4 exd4 4. Nxd4 Nf6 5. Bg5 Bb4 6. Nxc6 Bxc3+ 7. bxc3
dxc6 8. Qxd8+ Kxd8 9. Bxf6+ gxf6 10. O-O-O+ Ke7 11. Rd4 c5 12. Rh4 h6 13. e3
Be6 14. Be2 Rad8 15. Bf3 b6 16. c4 Kf8 17. Rd1 1/2-1/2

[Event "Open "A""]
[Site "Schwarzach"]
[Date "1998.08.25"]
[Round "4.18"]
[White "Kniest, Oliver"]
[Black "Wimmer, Alfred"]
[Result "1-0"]
[WhiteElo "2300"]
[BlackElo "2125"]
[PlyCount "63"]
[EventDate "1998.08.30"]

1. d4 f5 2. g3 g6 3. Bg2 Nf6 4. Nf3 Bg7 5. O-O O-O 6. c4 d6 7. Nc3 Nc6 8. d5
Ne5 9. Nxe5 dxe5 10. Re1 Nh5 11. e4 f4 12. Bf3 fxg3 13. fxg3 Qe8 14. Nb5 Qd7
15. Bxh5 gxh5 16. Qxh5 a6 17. Nc3 Qh3 18. Qxh3 Bxh3 19. Nd1 Rf7 20. Nf2 Bd7 21.
Rf1 Raf8 22. Be3 h5 23. Nd3 Rf3 24. Rae1 Rxf1+ 25. Rxf1 Bf6 26. Bd2 b6 27. Bc3
Bg4 28. Rf2 Rc8 29. Bxe5 c6 30. Bxf6 exf6 31. Rxf6 cxd5 32. cxd5 1-0

[Event "Open "A""]
[Site "Schwarzach"]
[Date "1998.08.25"]
[Round "4.19"]
[White "Kjeld, Matthias"]
[Black "Voigt, Ulrich"]
[Result "0-1"]
[WhiteElo "2110"]
[BlackElo "2280"]
[PlyCount "80"]
[EventDate "1998.08.30"]

1. d4 Nf6 2. c4 e6 3. Nf3 b6 4. a3 Bb7 5. Nc3 d5 6. Bg5 Be7 7. e3 Nbd7 8. Bd3
O-O 9. cxd5 Nxd5 10. Bxe7 Nxc3 11. Bxh7+ Kh8 12. bxc3 Qxe7 13. Bd3 Kg8 14. O-O
e5 15. e4 Rad8 16. Qe2 Rfe8 17. Rfe1 exd4 18. cxd4 c5 19. d5 Ne5 20. Nd2 Qg5
21. Bb5 Rf8 22. Rf1 Ng6 23. Nf3 Qh5 24. Qe3 Ne5 25. Nd2 f5 26. Be2 Qe8 27. f3
f4 28. Qb3 Rd6 29. Nc4 Nxc4 30. Bxc4 Qh5 31. Qc3 Re8 32. Qd2 Rf8 33. Rfe1 Qe5
34. Rab1 Bc8 35. Qb2 Qh5 36. e5 Rh6 37. h3 Bxh3 38. gxh3 Rg6+ 39. Kh2 Rf5 40.
Rg1 Qxh3+ 0-1

[Event "Open "A""]
[Site "Schwarzach"]
[Date "1998.08.26"]
[Round "5.1"]
[White "Zoler, Dan"]
[Black "Balinov, Ilia"]
[Result "1-0"]
[WhiteElo "2500"]
[BlackElo "2450"]
[PlyCount "55"]
[EventDate "1998.08.30"]

1. b3 e5 2. Bb2 Nc6 3. c4 Nf6 4. e3 d5 5. cxd5 Nxd5 6. a3 Bd6 7. d3 O-O 8. Nf3
Qf6 9. Nbd2 Bg4 10. h3 Qh6 11. Be2 Rae8 12. Nc4 Kh8 13. Qc2 Re6 14. O-O-O Bxf3
15. Bxf3 Nde7 16. Kb1 b5 17. Nd2 Nb8 18. g4 Qh4 19. Ne4 Ng6 20. g5 f5 21. gxf6
gxf6 22. d4 Nd7 23. Ng3 f5 24. Nxf5 Qf6 25. Be4 Nh4 26. Nxd6 cxd6 27. dxe5 Nxe5
28. f4 1-0

[Event "Open "A""]
[Site "Schwarzach"]
[Date "1998.08.26"]
[Round "5.2"]
[White "Hecht, Hans-Joachim"]
[Black "Beim, Valeri"]
[Result "0-1"]
[WhiteElo "2405"]
[BlackElo "2565"]
[PlyCount "118"]
[EventDate "1998.08.30"]

1. d4 d6 2. e4 Nf6 3. Nc3 g6 4. Nf3 Bg7 5. Be2 O-O 6. O-O c6 7. a4 Nbd7 8. h3
Qc7 9. Be3 b6 10. Re1 Bb7 11. Bf1 Rad8 12. Qc1 e5 13. Bh6 Rfe8 14. dxe5 Nxe5
15. Nxe5 Bxh6 16. Qxh6 dxe5 17. Qe3 Rd4 18. Bd3 a6 19. Ne2 Rd6 20. f3 Nh5 21.
Red1 Red8 22. Kf2 c5 23. c3 c4 24. Bc2 Ng7 25. Rxd6 Rxd6 26. b4 cxb3 27. Bxb3
Bc8 28. Bd5 Ne6 29. c4 Bd7 30. Qa3 Kg7 31. Kg1 Nc5 32. Nc3 Rf6 33. Kh2 Qc8 34.
Rf1 a5 35. Nb5 Qd8 36. Qa1 Qe7 37. Qd1 g5 38. Nc3 Rh6 39. Kg1 Ne6 40. Bxe6 Bxe6
41. Nd5 Qc5+ 42. Kh2 Qxc4 43. Nxb6 Qd4 44. Nd5 Bxd5 45. exd5 Rd6 46. Qc1 h6 47.
Rd1 Qxa4 48. Qc5 Qb4 49. Qc7 a4 50. Qe7 Qf4+ 51. Kh1 Qf6 52. Qc7 a3 53. Qc4 Ra6
54. Qa2 Qd6 55. Rd3 Qb4 56. Rd1 Rb6 57. Rd2 Qb1+ 58. Qxb1 Rxb1+ 59. Kh2 Kf8 0-1

[Event "Open "A""]
[Site "Schwarzach"]
[Date "1998.08.26"]
[Round "5.3"]
[White "Epishin, Vladimir"]
[Black "Quinn, Mark"]
[Result "1-0"]
[WhiteElo "2585"]
[BlackElo "2350"]
[PlyCount "81"]
[EventDate "1998.08.30"]

1. d4 Nf6 2. c4 e6 3. Nf3 Nc6 4. a3 d6 5. Nc3 g6 6. e4 Bg7 7. Be2 O-O 8. O-O
Re8 9. h3 e5 10. d5 Nd4 11. Bd3 c5 12. b4 b6 13. Re1 Nh5 14. Ra2 Bd7 15. Nxd4
exd4 16. Nb1 Be5 17. Bf1 Qh4 18. Nd2 Nf4 19. Nf3 Qf6 20. g3 Nh5 21. Kh2 Qh8 22.
Bd3 Bg7 23. Kg2 Be5 24. Nh2 Ng7 25. f4 Bf6 26. Ng4 Nh5 27. Rf2 Qg7 28. e5 dxe5
29. fxe5 Bxe5 30. Rxe5 Rxe5 31. Nh6+ Kf8 32. Rxf7+ Qxf7 33. Nxf7 Kxf7 34. g4
Ng7 35. bxc5 bxc5 36. Qf3+ Kg8 37. Qf6 Rae8 38. Qd6 Re1 39. Bh6 Ba4 40. Qxc5
R8e7 41. Qxd4 1-0

[Event "Open "A""]
[Site "Schwarzach"]
[Date "1998.08.26"]
[Round "5.4"]
[White "Polak, Thomas"]
[Black "Neckar, Lubomir"]
[Result "1-0"]
[WhiteElo "2525"]
[BlackElo "2345"]
[PlyCount "51"]
[EventDate "1998.08.30"]

1. d4 d5 2. c4 e6 3. Nc3 Be7 4. cxd5 exd5 5. Bf4 c6 6. Qc2 g6 7. e3 Bf5 8. Qd2
Nf6 9. f3 h5 10. h4 Nbd7 11. Nh3 c5 12. Ng5 cxd4 13. exd4 a6 14. Nd1 Qb6 15. a3
Kf8 16. Ne3 Re8 17. Kf2 Be6 18. Rc1 Kg7 19. Bc7 Qa7 20. g3 Rc8 21. Nxe6+ fxe6
22. Bh3 Nc5 23. Rxc5 Bxc5 24. Be5 Be7 25. Bxe6 Kh7 26. Nf5 1-0

[Event "Open "A""]
[Site "Schwarzach"]
[Date "1998.08.26"]
[Round "5.5"]
[White "Altukhov, Sergei"]
[Black "Blatny, Pavel"]
[Result "0-1"]
[WhiteElo "2305"]
[BlackElo "2520"]
[PlyCount "84"]
[EventDate "1998.08.30"]

1. Nf3 d6 2. d4 Nf6 3. c4 g6 4. Nc3 Bf5 5. Bg5 h6 6. Bf4 Bg7 7. e3 Nh5 8. Bg3
Nc6 9. Bd3 Bxd3 10. Qxd3 Nxg3 11. hxg3 e5 12. dxe5 dxe5 13. O-O-O Qxd3 14. Rxd3
Nb4 15. Rd2 Rd8 16. Rhd1 Rxd2 17. Rxd2 e4 18. Nxe4 Nxa2+ 19. Kb1 Nb4 20. Nd4 a6
21. Nc2 Nc6 22. Nc5 Nd8 23. Nb4 Bf8 24. Nd7 Be7 25. c5 a5 26. Na2 Nc6 27. Nc3
Bd8 28. e4 f6 29. e5 fxe5 30. Ne4 Kf7 31. f4 exf4 32. gxf4 Re8 33. Ng3 Re1+ 34.
Ka2 Nb4+ 35. Kb3 Re3+ 36. Ka4 Rxg3 37. Ne5+ Ke8 38. Kxa5 Nc6+ 39. Nxc6 bxc6 40.
Re2+ Be7 41. Ka6 Kd7 42. b4 Kc8 0-1

[Event "Open "A""]
[Site "Schwarzach"]
[Date "1998.08.26"]
[Round "5.6"]
[White "Stanec, Nikolaus"]
[Black "Lazovic, Gordan"]
[Result "1/2-1/2"]
[WhiteElo "2495"]
[BlackElo "2315"]
[PlyCount "61"]
[EventDate "1998.08.30"]

1. c4 e6 2. Nc3 d5 3. cxd5 exd5 4. d4 Nf6 5. Bg5 c6 6. e3 Be7 7. Bd3 O-O 8.
Nge2 Nbd7 9. Qc2 Re8 10. Ng3 Nf8 11. Nf5 Bxf5 12. Bxf5 Nh5 13. Bxe7 Qxe7 14.
O-O Rad8 15. g3 Nf6 16. Rab1 g6 17. Bh3 h5 18. b4 a6 19. a4 N8h7 20. Bg2 h4 21.
b5 axb5 22. axb5 hxg3 23. hxg3 Ng4 24. bxc6 bxc6 25. Bf3 Nh6 26. Ne2 Qf6 27.
Bg2 g5 28. Rb6 Rd6 29. e4 Qg6 30. Nc3 Nf6 31. Re1 1/2-1/2

[Event "Open "A""]
[Site "Schwarzach"]
[Date "1998.08.26"]
[Round "5.7"]
[White "Klovan, Janis"]
[Black "Staller, Peter"]
[Result "1-0"]
[WhiteElo "2465"]
[BlackElo "2300"]
[PlyCount "43"]
[EventDate "1998.08.30"]

1. e4 g6 2. d4 c6 3. Nc3 d5 4. Nf3 Bg7 5. h3 dxe4 6. Nxe4 Nd7 7. Bc4 Ngf6 8.
Nxf6+ Nxf6 9. O-O O-O 10. Re1 b6 11. Qe2 e6 12. Bg5 Qd6 13. Rad1 Bb7 14. Ne5
Nd5 15. Bxd5 cxd5 16. Ng4 f6 17. Bh6 Rae8 18. Qd2 g5 19. h4 gxh4 20. Bxg7 Kxg7
21. Qh6+ Kh8 22. Nxf6 1-0

[Event "Open "A""]
[Site "Schwarzach"]
[Date "1998.08.26"]
[Round "5.8"]
[White "Piven, Igor"]
[Black "Hlavnicka, Jiri"]
[Result "1-0"]
[WhiteElo "2380"]
[BlackElo "2215"]
[PlyCount "81"]
[EventDate "1998.08.30"]

1. Nf3 Nf6 2. c4 e6 3. g3 d5 4. Bg2 Be7 5. O-O O-O 6. b3 c6 7. Bb2 Nbd7 8. d3
b6 9. Nbd2 Bb7 10. e4 Rc8 11. Qe2 Qc7 12. e5 Ne8 13. h4 Qd8 14. Nh2 Nc7 15.
Ndf3 b5 16. Ng4 a5 17. Rfc1 Na6 18. Ne3 Qb6 19. d4 Nc7 20. c5 Qa7 21. a3 Qb8
22. Bc3 Qa7 23. Bd2 Ra8 24. Ng4 Qb8 25. Bg5 Qd8 26. Qd2 Kh8 27. Bf1 f6 28. exf6
gxf6 29. Bf4 Rg8 30. Bh3 Nf8 31. Kh2 Bc8 32. Nh6 Rg7 33. Re1 Ra7 34. g4 Ng6 35.
Bg3 a4 36. b4 Ne8 37. Qe2 e5 38. dxe5 fxe5 39. Nxe5 Bxh4 40. Nxc6 Bxg3+ 41.
fxg3 1-0

[Event "Open "A""]
[Site "Schwarzach"]
[Date "1998.08.26"]
[Round "5.9"]
[White "Loeffler, Markus"]
[Black "Peschel, Andreas"]
[Result "1-0"]
[WhiteElo "2365"]
[BlackElo "2175"]
[PlyCount "71"]
[EventDate "1998.08.30"]

1. e4 c5 2. Nf3 d6 3. d4 cxd4 4. Nxd4 Nf6 5. Nc3 g6 6. Be3 Bg7 7. f3 O-O 8. Qd2
Nc6 9. O-O-O Nxd4 10. Bxd4 Be6 11. Kb1 Qc7 12. g4 Rfc8 13. h4 Qa5 14. a3 a6 15.
h5 b5 16. h6 Bh8 17. g5 Nd7 18. Bxh8 Kxh8 19. Qd4+ f6 20. gxf6 Nxf6 21. e5 dxe5
22. Qxe5 Rc6 23. Bh3 Qb6 24. Rde1 Bxh3 25. Rxh3 Qc7 26. Qxe7 Qxe7 27. Rxe7 Re8
28. Ra7 Kg8 29. Rh4 Kf8 30. a4 Re1+ 31. Ka2 g5 32. Rb4 bxa4 33. Rb8+ Re8 34.
Rbb7 Re3 35. Ne4 Nd5 36. Rb8+ 1-0

[Event "Open "A""]
[Site "Schwarzach"]
[Date "1998.08.26"]
[Round "5.11"]
[White "Jelen, Igor"]
[Black "Kniest, Oliver"]
[Result "1/2-1/2"]
[WhiteElo "2345"]
[BlackElo "2300"]
[PlyCount "72"]
[EventDate "1998.08.30"]

1. d4 d5 2. c4 e6 3. Nc3 c6 4. Nf3 Nf6 5. Bg5 h6 6. Bxf6 Qxf6 7. e3 Nd7 8. Bd3
dxc4 9. Bxc4 g6 10. O-O Bg7 11. b4 Qe7 12. Rb1 O-O 13. a4 b6 14. Qb3 Bb7 15. e4
Rab8 16. Rfd1 Rfd8 17. d5 cxd5 18. exd5 exd5 19. Nxd5 Bxd5 20. Rxd5 Nf8 21. Re1
Qc7 22. g3 Rxd5 23. Bxd5 Rd8 24. Kg2 Rd7 25. Re3 Re7 26. h4 Rxe3 27. Qxe3 Qd7
28. Bb3 Ne6 29. Qe4 Kh7 30. h5 Ng5 31. Nxg5+ hxg5 32. hxg6+ fxg6 33. Qa8 Qe7
34. Bg8+ Kh6 35. Qc8 Qe4+ 36. Kh2 Qf5 1/2-1/2

[Event "Open "A""]
[Site "Schwarzach"]
[Date "1998.08.26"]
[Round "5.13"]
[White "Hresc, Vladimir"]
[Black "Hengl, Christian"]
[Result "1/2-1/2"]
[WhiteElo "2425"]
[BlackElo "2180"]
[PlyCount "129"]
[EventDate "1998.08.30"]

1. c4 f5 2. Nf3 e6 3. g3 Nf6 4. Bg2 d5 5. b3 Bd6 6. Bb2 Qe7 7. O-O c6 8. d3 O-O
9. Nbd2 e5 10. cxd5 cxd5 11. e4 fxe4 12. dxe4 d4 13. Ne1 Nc6 14. Nd3 Nb4 15.
Nc4 Nxd3 16. Qxd3 Bc5 17. f4 Ng4 18. Nxe5 Nxe5 19. fxe5 Rxf1+ 20. Rxf1 Qxe5 21.
Bc1 Bg4 22. Kh1 g5 23. Qb5 Rd8 24. b4 Bd6 25. Qxe5 Bxe5 26. Bxg5 Rc8 27. Bf3
Be6 28. Bf4 Bxf4 29. gxf4 Bxa2 30. Rd1 Rc3 31. Kg2 d3 32. Kf2 Bc4 33. e5 Rc2+
34. Ke3 Rxh2 35. Bxb7 Rb2 36. Be4 Rxb4 37. Rg1+ Kf8 38. Bxh7 a5 39. Rd1 a4 40.
Bxd3 Rb3 41. Ke4 Bg8 42. f5 a3 43. e6 a2 44. Kd4 Ke7 45. Ra1 Rxd3+ 46. Kxd3 Bh7
47. Ke4 Kf6 48. Rxa2 Bxf5+ 49. Kf4 Bxe6 50. Ra6 Kf7 51. Ke5 Bb3 52. Rf6+ Kg7
53. Kf5 Ba4 54. Kg5 Bd7 55. Rf3 Be8 56. Rd3 Kf7 57. Kf5 Ba4 58. Rd6 Bc2+ 59.
Ke5 Ba4 60. Rf6+ Kg7 61. Ke6 Bb3+ 62. Ke7 Bc2 63. Rf2 Be4 64. Rf4 Bd3 65. Rg4+
1/2-1/2

[Event "Open "A""]
[Site "Schwarzach"]
[Date "1998.08.26"]
[Round "5.15"]
[White "Ljubic, Juro"]
[Black "Stockmann, Rainer"]
[Result "1-0"]
[WhiteElo "2220"]
[BlackElo "2240"]
[PlyCount "111"]
[EventDate "1998.08.30"]

1. d4 g6 2. g3 Bg7 3. Bg2 d6 4. e4 c6 5. Be3 Nf6 6. h3 d5 7. e5 Ne4 8. Nd2 c5
9. Nxe4 dxe4 10. Bxe4 cxd4 11. Bxd4 Nc6 12. Bc3 Qb6 13. Nf3 Be6 14. Qe2 O-O-O
15. a4 Rhe8 16. Qb5 f5 17. Ng5 Bg8 18. Bg2 Qc7 19. O-O h6 20. Nf3 Rd5 21. Qe2
Rc5 22. Rfe1 Bd5 23. Qe3 b6 24. b4 Rc4 25. Nd2 Rxc3 26. Qxc3 Bxg2 27. Kxg2 Bxe5
28. Qc4 Bxa1 29. Rxa1 e5 30. a5 Nd4 31. Qxc7+ Kxc7 32. Nf3 Nxf3 33. Kxf3 Rd8
34. axb6+ Kxb6 35. Ra5 e4+ 36. Ke3 Rd1 37. Re5 Rc1 38. Re6+ Kb5 39. Rxg6 Kxb4
40. Ra6 Rxc2 41. Rxa7 Rc3+ 42. Kd4 Rd3+ 43. Ke5 Rf3 44. Ra2 e3 45. fxe3 Rxg3
46. Re2 Rxh3 47. Kxf5 Kc5 48. Ke6 Kc4 49. e4 Ra3 50. e5 h5 51. Kf6 Kd5 52. e6
Rf3+ 53. Kg5 Rg3+ 54. Kxh5 Rh3+ 55. Kg4 Rh8 56. e7 1-0

[Event "Open "A""]
[Site "Schwarzach"]
[Date "1998.08.26"]
[Round "5.16"]
[White "Soln, Primoz"]
[Black "Hicker, Harald"]
[Result "1-0"]
[WhiteElo "2470"]
[BlackElo "2130"]
[PlyCount "76"]
[EventDate "1998.08.30"]

1. d4 d5 2. c4 e6 3. Nc3 Nf6 4. Bg5 Nbd7 5. cxd5 exd5 6. e3 Be7 7. Bd3 O-O 8.
Nge2 c6 9. Qc2 Re8 10. O-O a5 11. f3 Nf8 12. Rad1 h6 13. Bh4 Ne6 14. Bf2 b6 15.
Kh1 Kh8 16. e4 Ba6 17. Bxa6 Rxa6 18. e5 Nh5 19. Qf5 g6 20. Qxf7 Nf8 21. g4 Ng7
22. Qf4 g5 23. Qg3 Nge6 24. Qh3 Kg7 25. Ng3 Ng6 26. Nf5+ Kf7 27. Nxh6+ Kf8 28.
Nf5 Kg8 29. Be3 Bf8 30. Nh6+ Kg7 31. Ne2 Ngf4 32. Bxf4 Nxf4 33. Nxf4 gxf4 34.
Qh5 Ra7 35. g5 Re6 36. g6 c5 37. Rg1 cxd4 38. Nf7 Rxf7 1-0